G7京新高速公路途经的地级和县级行政区 - 地图版 - Statistics

General Stats
  • This quiz has been taken 40 times
  • The average score is 39 of 51
Answers on the Map
Answers color-coded by a green-red scale on the quiz's map according to % correct below.
 
Answer Stats
县级行政区 % Correct
阿拉善盟
100%
呼和浩特市
97%
包头市
97%
张家口市
94%
大同市
94%
哈密市
94%
乌鲁木齐市
94%
海淀区
91%
昌平区
91%
延庆区
91%
乌兰察布市
91%
巴彦淖尔市
91%
酒泉市
91%
额济纳旗
89%
肃北蒙古族自治县
89%
昌吉回族自治州
89%
阿拉善左旗
83%
阿拉善右旗
83%
伊州区
80%
怀来县
77%
下花园区
77%
宣化区
77%
天镇县
77%
赛罕区
77%
怀安县
71%
回民区
71%
土默特左旗
71%
临河区
71%
磴口县
71%
察哈尔右翼前旗
69%
土默特右旗
69%
乌拉特前旗
69%
五原县
69%
杭锦后旗
69%
乌拉特后旗
69%
伊吾县
69%
卓资县
66%
东河区
66%
九原区
66%
巴里坤哈萨克自治县
66%
木垒哈萨克自治县
66%
米东区
66%
兴和县
63%
新城区
63%
昆都仑区
63%
吉木萨尔县
63%
阜康市
63%
涿鹿县
60%
察哈尔右翼中旗
60%
青山区
60%
奇台县
60%
No matching quizzes found
Score Distribution
Percent of People with Each Score
Percentile by Number Answered
Your Score History
You have not taken this quiz